Manuel de floriculture / (Record no. 142688)

MARC details
000 -LEADER
campo de control de longitud fija 00474nam a2200169 i 4500
001 - NÚMERO DE CONTROL
campo de control 142688
003 - IDENTIFICADOR DE NÚMERO DE CONTROL
campo de control ES-MaACL
005 - FECHA Y HORA DE LA ÚLTIMA TRANSACCIÓN
campo de control 20230906200608.0
007 - CAMPO FIJO DE DESCRIPCIÓN FÍSICA--INFORMACIÓN GENERAL
campo de control de longitud fija t|
008 - DATOS DE LONGITUD FIJA--INFORMACIÓN GENERAL
campo de control de longitud fija 071009s1931 fr ||||1| fre d
100 1# - ENTRADA PRINCIPAL--NOMBRE DE PERSONA
Nombre de persona Vilmorin, Philippe.
9 (RLIN) 115288
245 10 - MENCIÓN DEL TÍTULO
Título Manuel de floriculture /
Mención de responsabilidad, etc. Philippe Vilmorin.
260 ## - PUBLICACIÓN, DISTRIBUCIÓN, ETC.
Lugar de publicación, distribución, etc. Paris :
Nombre del editor, distribuidor, etc. [s.n.],
Fecha de publicación, distribución, etc. 1931 (
Fabricante Brodard et Taupin)
300 ## - DESCRIPCIÓN FÍSICA
Extensión VIII, 418 p. ;
Dimensiones 19 cm.
650 #4 - PUNTO DE ACCESO ADICIONAL DE MATERIA--TÉRMINO DE MATERIA
Término de materia o nombre geográfico como elemento de entrada Floricultura.
9 (RLIN) 12912
852 ## - LOCALIZACIÓN
Ubicación ES-MaACL
Número de control de estantería F-13852
Holdings
Estatus retirado Estado de pérdida Estado de daño No para préstamo Biblioteca de origen Biblioteca actual Ubicación en estantería Fecha de adquisición Fuente de adquisición Total de préstamos Signatura topográfica completa Código de barras Visto por última vez Precio de reemplazo Tipo de ítem Koha
        Biblioteca del Ateneo de Madrid Biblioteca del Ateneo de Madrid Sala Pecera Planta 2 17/01/2008     F-13852 1148465 23/02/2023 23/02/2023 Libro impreso